000 02598nam a2200217Ia 4500
003 Ost
005 20260507075620.0
008 260507s9999||||xx |||||||||||||| ||und||
020 _a9789931707172
040 _cfsecg
041 _aara
082 _a330.1221
100 _aصالحي، صالح
_eمؤلف
245 0 _aأساسيات المالية والإقتصاد الإسلامي :
_bدراسة تأصيلية ومراجعة تقييمية على ضوء المستجدات العلمية والتحولات الوقائعية /
_c صالح صالحي
260 _aالجزائر:
_bالدار الجزائرية للنشر والتوزيع,
_c2020
300 _a592 صفحة؛
_bإيضاحات ؛
_c25 سم
504 _aالمراجع ص.557 فهرس الجداول والرسوم البيانية ص.571 فهرس الأشكال التوضيحية ص.572
520 _aتناول هذا الكتاب أساسيات المالية والاقتصاد الاسلامي من خلال عشرة فصول كالآتي: (طبيعة الاقتصاد الاسلامي وخصائصه المنهاجية ومكوناته النظامية، طبيعة المشكلة الاقتصادية وأسبابها وعلاجها في الإقتصاد الاسلامي، صيغ الاستثمار وأساليب التمويل في الاقتصاد الاسلامي بين السلامة الاستثمارية والمستجدات التطبيقية ، كفاءة صيغ الاستثمار وأساليب التمويل في الاقتصاد الاسلامي وآفاقها التطبيقية ، القطاع العام في الاقتصاد الاسلامي بين عناصر السلامة ودراسات الجدوى التكميلية للاستثمارات العامة نظرية الإنتاج في الاقتصاد الإسلامي ، نظرية الاستهلاك وظوابط النشاط التجاري التسويقي في الاقتصاد الإسلامي توزيع الثروة والدخل في الاقتصاد الإسلامي.) مفهوم الأموال ومقاصدها وطبيعة الملكية وأشكالها ضوابط الملكية ووضائفها ومكانة القطاعات الاقتصادية في الاقتصاد الاسلامي مدخل لتصنيف الحاجات وترتيب الأولويات في اطار اقتصاد الأولويات واقتصاد الموازنات دور الدولة ووضائفها ومجالات تدخلها في الاقتصاد الاسلامي
653 _aالإقتصاد الإسلامي
942 _cكتاب
999 _c45136
_d45136